[Event "33. Senioren LEM Sachsen-Anhalt 65+"]
[Site "Maritim-Hotel Magdeburg"]
[Date "2025.07.08"]
[Round "2.30"]
[White "Gries, Volker"]
[Black "Reicherter, Hermann"]
[Result "1-0"]
[WhiteElo "2006"]
[BlackElo "1735"]
[PlyCount "49"]
[EventDate "2025.07.07"]
[WhiteTeam "SV Oberursel"]
[BlackTeam "SC Grunbach"]

1. e4 c5 2. Nf3 Nc6 3. Bb5 d6 4. d4 cxd4 5. Qxd4 Bd7 6. Bxc6 Bxc6 7. Nc3 e5 8.
Qd3 Nf6 9. Bg5 Be7 10. O-O-O O-O 11. Bxf6 gxf6 12. Nh4 Bd7 13. Nd5 Be6 14. Qf3
Kh8 15. Nf5 Bxf5 16. Qxf5 Rg8 17. Qf3 Rc8 18. Rd3 Rg6 19. h4 Bf8 20. h5 Rh6 21.
Ne3 Qa5 22. Kb1 Qa4 23. Rb3 b5 24. Nf5 Qc4 25. Rc3 1-0

[Event "33. Senioren LEM Sachsen-Anhalt 65+"]
[Site "Maritim-Hotel Magdeburg"]
[Date "2025.07.08"]
[Round "2.31"]
[White "Kluever, Horst"]
[Black "Boettcher, Frank"]
[Result "1/2-1/2"]
[WhiteElo "1798"]
[BlackElo "1849"]
[PlyCount "53"]
[EventDate "2025.07.07"]
[WhiteTeam "Itzehoer SV von 1923"]
[BlackTeam "USV Potsdam"]

1. e4 d5 2. exd5 Nf6 3. d4 Nxd5 4. Nf3 g6 5. c4 Nb6 6. Nc3 Bg7 7. Be3 O-O 8.
Be2 Nc6 9. O-O Bg4 10. d5 Bxf3 11. Bxf3 Ne5 12. Bxb6 axb6 13. Be2 c6 14. f4 Nd7
15. dxc6 bxc6 16. Bf3 Qc7 17. Qc2 Ra5 18. Ne2 c5 19. a3 b5 20. Rab1 Nb6 21.
cxb5 Rxb5 22. Nc3 Ra5 23. Nd5 Nxd5 24. Bxd5 e6 25. Bc4 Rb8 26. Rf3 Ra7 27. a4
1/2-1/2

[Event "33. Senioren LEM Sachsen-Anhalt 65+"]
[Site "Maritim-Hotel Magdeburg"]
[Date "2025.07.08"]
[Round "2.32"]
[White "Schwenke, Norbert"]
[Black "Ruether, Rudolf"]
[Result "0-1"]
[WhiteElo "1747"]
[BlackElo "2071"]
[PlyCount "76"]
[EventDate "2025.07.07"]
[WhiteTeam "SG Gruen-Weiss Dahlenwarsleben"]
[BlackTeam "Erfurter Schachklub"]

1. Nc3 c5 2. e4 g6 3. Nf3 Bg7 4. Bc4 d6 5. d3 Nc6 6. O-O Nf6 7. h3 O-O 8. a3 a6
9. Bg5 h6 10. Bh4 b5 11. Ba2 Bb7 12. Qd2 Kh7 13. Rae1 b4 14. Nd1 Qc7 15. Ne3 e6
16. Nh2 a5 17. Neg4 Ng8 18. c3 Rae8 19. f4 bxc3 20. bxc3 Nce7 21. Nf3 Bc6 22.
d4 cxd4 23. cxd4 Bb5 24. Rc1 Qa7 25. Rfe1 Rc8 26. Bf2 Qa6 27. e5 Nf5 28. Bb1
dxe5 29. fxe5 Rxc1 30. Rxc1 Nge7 31. Be3 Nd5 32. Bg5 Be2 33. Nfh2 Bxg4 34. Nxg4
hxg5 35. Qxg5 Bh6 36. Nxh6 Nxh6 37. Qh4 Qe2 38. Re1 Qd2 0-1

[Event "33. Senioren LEM Sachsen-Anhalt 65+"]
[Site "Maritim-Hotel Magdeburg"]
[Date "2025.07.08"]
[Round "2.33"]
[White "Schmidt, Joerg"]
[Black "Bernhardt, Eduard"]
[Result "1-0"]
[WhiteElo "2044"]
[BlackElo "1741"]
[PlyCount "125"]
[EventDate "2025.07.07"]
[WhiteTeam "Schachclub Rote Rueben Leipzig"]
[BlackTeam "VfB Ottersleben"]

1. f4 d6 2. b3 Nc6 3. Bb2 e5 4. e3 Nf6 5. Be2 Ne4 6. Nf3 Bg4 7. O-O h5 8. d3
Nf6 9. fxe5 dxe5 10. Nbd2 Bc5 11. Nxe5 Bxe3+ 12. Kh1 Nxe5 13. Bxe5 Bd4 14. Bxd4
Qxd4 15. Bf3 O-O-O 16. Qe2 h4 17. h3 Be6 18. Qf2 Qc3 19. Ne4 Nxe4 20. Bxe4 Kb8
21. a4 g5 22. Qf6 Qd2 23. Rf2 Qe3 24. Qf3 Qxf3 25. Rxf3 Rdg8 26. Bf5 Bd5 27.
Rf2 g4 28. Bxg4 Rxg4 29. hxg4 h3 30. Kg1 hxg2 31. Rxg2 Rh4 32. Rh2 Rxg4+ 33.
Kf2 b6 34. a5 b5 35. Rg1 Rf4+ 36. Ke3 Rf6 37. Rf2 Rd6 38. Rgf1 Rd7 39. Rf6 Be6
40. R1f4 a6 41. Rd4 Re7 42. Re4 Kb7 43. d4 Rd7 44. Re5 Bd5 45. Kd3 Be6 46. c4
bxc4+ 47. bxc4 c6 48. Rc5 Rc7 49. Ke4 Re7 50. Kd3 Rd7 51. Rf2 Rc7 52. Rb2+ Ka7
53. Rb6 Bd7 54. Ke4 Rb7 55. Rxb7+ Kxb7 56. Ke5 Kc7 57. Kf6 Kd6 58. Kxf7 Be6+
59. Kf6 Bd7 60. Rg5 Kc7 61. Rg7 Kd8 62. Ke5 Kc7 63. c5 1-0

[Event "33. Senioren LEM Sachsen-Anhalt 65+"]
[Site "Maritim-Hotel Magdeburg"]
[Date "2025.07.08"]
[Round "2.34"]
[White "Hess, Juergen"]
[Black "Hurek, Werner"]
[Result "1-0"]
[WhiteElo "1928"]
[BlackElo "1738"]
[PlyCount "51"]
[EventDate "2025.07.07"]
[WhiteTeam "SG Arnstadt-Stadtilm"]
[BlackTeam "SC 1924 Lampertheim"]

1. e4 d6 2. d4 Nf6 3. Nc3 a6 4. Nf3 g6 5. h3 Bg7 6. Be3 c6 7. Qd2 h6 8. Be2 b5
9. a3 Nbd7 10. O-O Qc7 11. Nh2 Bb7 12. f4 c5 13. e5 Nd5 14. Nxd5 Bxd5 15. dxc5
Qc6 16. cxd6 exd6 17. Bg4 Bc4 18. Bf3 d5 19. Rfd1 O-O-O 20. b3 Nxe5 21. fxe5
Bxe5 22. Bd4 Bxh2+ 23. Kxh2 Qd6+ 24. Kg1 Rhe8 25. bxc4 dxc4 26. Qb4 1-0

[Event "33. Senioren LEM Sachsen-Anhalt 65+"]
[Site "Maritim-Hotel Magdeburg"]
[Date "2025.07.08"]
[Round "2.35"]
[White "Domsgen, Bernd"]
[Black "Zimmer, Franz"]
[Result "1-0"]
[WhiteElo "1922"]
[BlackElo "1727"]
[PlyCount "35"]
[EventDate "2025.07.07"]
[WhiteTeam "Burger Schachclub Schwarz-Weiss"]
[BlackTeam "SG Trier 1877"]

1. e4 e6 2. d4 d5 3. Nc3 dxe4 4. Nxe4 Be7 5. Be3 Nf6 6. Bd3 Nbd7 7. Ne2 b6 8.
f3 Bb7 9. N2c3 O-O 10. Qe2 Bb4 11. O-O Re8 12. Nd1 Nd5 13. c3 Be7 14. f4 N7f6
15. Ndf2 a5 16. Rfd1 Nxe3 17. Qxe3 Qd5 18. Nxf6+ 1-0

[Event "33. Senioren LEM Sachsen-Anhalt 65+"]
[Site "Maritim-Hotel Magdeburg"]
[Date "2025.07.08"]
[Round "2.36"]
[White "Zerfass, Otfried"]
[Black "Watermann, Bernd"]
[Result "1-0"]
[WhiteElo "1875"]
[BlackElo "1726"]
[PlyCount "57"]
[EventDate "2025.07.07"]
[WhiteTeam "UNION 1861 Schoenebeck"]
[BlackTeam "Sf Barsinghausen"]

1. e4 e6 2. d3 d5 3. Nd2 Bc5 4. Ngf3 Nf6 5. e5 Nfd7 6. d4 Bb6 7. Bd3 c5 8. c3
Nc6 9. O-O cxd4 10. cxd4 Nxd4 11. Re1 Nxf3+ 12. Nxf3 Nc5 13. Bb1 Bd7 14. Bg5 f6
15. exf6 gxf6 16. Bh6 Qe7 17. Nd4 O-O-O 18. Nf5 Qf8 19. Bxf8 Rdxf8 20. Nd4 Rhg8
21. b4 Ne4 22. Bxe4 dxe4 23. Rc1+ Kb8 24. Nxe6 Rf7 25. Qd6+ Ka8 26. Nc7+ Bxc7
27. Rxc7 Rgg7 28. Rxd7 Rxd7 29. Qf8+ 1-0

[Event "33. Senioren LEM Sachsen-Anhalt 65+"]
[Site "Maritim-Hotel Magdeburg"]
[Date "2025.07.08"]
[Round "2.37"]
[White "Winkler, Georg"]
[Black "Schwarz, Hans"]
[Result "0-1"]
[WhiteElo "1724"]
[BlackElo "1858"]
[PlyCount "128"]
[EventDate "2025.07.07"]
[WhiteTeam "SV Apelnstedt"]
[BlackTeam "SV Rochade Magdeburg"]

1. e4 e6 2. Nf3 d5 3. exd5 exd5 4. d4 Bd6 5. Nc3 c6 6. Bd3 Bg4 7. h3 Qe7+ 8.
Be3 Bh5 9. g4 Bg6 10. Bxg6 hxg6 11. Qd3 Na6 12. a3 O-O-O 13. O-O-O Nf6 14. Rde1
Qc7 15. Ne5 Rde8 16. f4 Kb8 17. g5 Bxe5 18. fxe5 Nd7 19. Qf1 Nf8 20. Ne2 Ne6
21. Nf4 Qd7 22. Nxe6 Qxe6 23. h4 Nc7 24. Qd3 Re7 25. Bd2 Rd7 26. Bb4 Qg4 27.
Reg1 Qe6 28. Rf1 Qg4 29. Be1 Ne6 30. c3 c5 31. Bg3 cxd4 32. cxd4 Rc7+ 33. Kb1
Rhc8 34. Rc1 Rc4 35. Rxc4 Rxc4 36. Rc1 Qxd4 37. Qxd4 Rxd4 38. Rf1 Rg4 39. Rf3
Kc8 40. Bf2 b6 41. Rxf7 Rf4 42. Rxf4 Nxf4 43. Kc2 Kd7 44. Be3 Ng2 45. Bf2 Ke6
46. Bg3 Ne3+ 47. Kd3 Nc4 48. Kc3 Nxe5 49. Kb4 a6 50. a4 d4 51. a5 b5 52. Kc5 d3
53. Bf4 Nc4 54. b4 Kf5 55. Bc1 Ke4 56. Kc6 Kd4 57. Kb7 Kc3 58. Kxa6 Kxb4 59.
Bf4 Ka4 60. Bc1 b4 61. Bf4 Nxa5 62. Kb6 b3 63. Bc1 d2 64. Bxd2 Nc4+ 0-1

[Event "33. Senioren LEM Sachsen-Anhalt 65+"]
[Site "Maritim-Hotel Magdeburg"]
[Date "2025.07.08"]
[Round "2.38"]
[White "Zechel, Rolf-Ruediger"]
[Black "Langner, Hans-Rainer"]
[Result "1/2-1/2"]
[WhiteElo "1855"]
[BlackElo "1721"]
[PlyCount "67"]
[EventDate "2025.07.07"]
[WhiteTeam "SK Kaltenkirchen"]
[BlackTeam "TSV Mariendorf 1897"]

1. d4 d5 2. Nc3 Nf6 3. Bf4 c6 4. e3 Bf5 5. f3 h6 6. g4 Bh7 7. Bd3 Bxd3 8. Qxd3
Nbd7 9. Bg3 e6 10. Nge2 Qb6 11. Kf2 c5 12. Na4 Qc6 13. Nac3 c4 14. Qd2 b5 15.
a4 bxa4 16. Rxa4 Bd6 17. Rha1 Bxg3+ 18. hxg3 a6 19. b3 cxb3 20. cxb3 Ke7 21.
Qa2 Rhb8 22. b4 Rb6 23. b5 Qb7 24. bxa6 Qa7 25. Ra5 Rab8 26. Qa4 Rb4 27. Qa3
Kd8 28. Qa2 Ne8 29. Qc2 R8b6 30. Qd3 Nd6 31. Qh7 Ne8 32. Qd3 Nd6 33. Qh7 Ne8
34. Qd3 1/2-1/2

[Event "33. Senioren LEM Sachsen-Anhalt 65+"]
[Site "Maritim-Hotel Magdeburg"]
[Date "2025.07.08"]
[Round "2.39"]
[White "Ogrisek, Gerd"]
[Black "Brekenkamp, Juergen"]
[Result "1-0"]
[WhiteElo "1714"]
[BlackElo "1852"]
[PlyCount "67"]
[EventDate "2025.07.07"]
[WhiteTeam "SV Rochade Magdeburg"]
[BlackTeam "SV Eintracht Tangerhuette"]

1. e4 c5 2. Nf3 d6 3. d4 cxd4 4. Nxd4 Nf6 5. Nc3 g6 6. Be3 Bg7 7. Qd2 Ng4 8.
Bg5 h6 9. Bh4 Nc6 10. Nxc6 bxc6 11. f3 Ne5 12. O-O-O O-O 13. f4 Nd7 14. Bc4 Nb6
15. Bb3 a5 16. a3 Qc7 17. Qe3 a4 18. Ba2 Re8 19. Bf2 Rb8 20. Qf3 Ba6 21. Bd4
Rb7 22. Bxg7 Kxg7 23. f5 g5 24. h4 f6 25. hxg5 Bc4 26. Qh5 Rh8 27. Qg6+ Kf8 28.
Rxh6 Rg8 29. Qh5 Rxg5 30. Rh8+ Rg8 31. Bxc4 Nxc4 32. Rxg8+ Kxg8 33. Qg6+ Kf8
34. Rh1 1-0

[Event "33. Senioren LEM Sachsen-Anhalt 65+"]
[Site "Maritim-Hotel Magdeburg"]
[Date "2025.07.08"]
[Round "2.40"]
[White "Dehning-Busse, Karsten"]
[Black "Kuehne, Juergen"]
[Result "1/2-1/2"]
[WhiteElo "1851"]
[BlackElo "1691"]
[PlyCount "35"]
[EventDate "2025.07.07"]
[WhiteTeam "Bremer SG von 1877"]
[BlackTeam "SV Irxleben 1919"]

1. d4 f5 2. c4 e6 3. g3 Nf6 4. Bg2 Be7 5. Nf3 O-O 6. O-O d5 7. b3 Ne4 8. Bb2
Nc6 9. Nbd2 Bf6 10. Ne5 Nxe5 11. dxe5 Be7 12. Nxe4 dxe4 13. Qc2 c5 14. Rad1 Qc7
15. f3 exf3 16. exf3 f4 17. Rd3 Bd7 18. Rfd1 1/2-1/2

[Event "33. Senioren LEM Sachsen-Anhalt 65+"]
[Site "Maritim-Hotel Magdeburg"]
[Date "2025.07.08"]
[Round "2.41"]
[White "Maechler, Frank"]
[Black "Stratmann, Alois"]
[Result "1/2-1/2"]
[WhiteElo "1848"]
[BlackElo "1681"]
[PlyCount "52"]
[EventDate "2025.07.07"]
[WhiteTeam "Naumburger Sportverein 1951"]
[BlackTeam "Schachverein Ahlen 1954"]

1. d4 Nf6 2. Nf3 d6 3. g3 Nbd7 4. Bg2 g6 5. O-O Bg7 6. c3 O-O 7. Nbd2 c6 8. Re1
Re8 9. e4 e5 10. dxe5 Nxe5 11. Nxe5 dxe5 12. Nc4 Qxd1 13. Rxd1 Bf8 14. Bg5 Kg7
15. Nd6 Bxd6 16. Bxf6+ Kxf6 17. Rxd6+ Ke7 18. Rad1 Be6 19. a3 Rad8 20. Rxd8
Rxd8 21. Rxd8 Kxd8 22. Kf1 Ke7 23. Ke2 Kd6 24. Kd3 b6 25. Kc2 a5 26. b4 f6
1/2-1/2

[Event "33. Senioren LEM Sachsen-Anhalt 65+"]
[Site "Maritim-Hotel Magdeburg"]
[Date "2025.07.08"]
[Round "2.42"]
[White "Wetterling, Manfred"]
[Black "Bosveld, Henk"]
[Result "0-1"]
[WhiteElo "1663"]
[BlackElo "1846"]
[PlyCount "28"]
[EventDate "2025.07.07"]
[WhiteTeam "Schachgemeinschaft Leipzig"]

1. d4 c5 2. d5 Nf6 3. c4 Ne4 4. Qc2 Qa5+ 5. Nd2 Nd6 6. f4 g6 7. Kf2 Bg7 8. Nb3
Qa4 9. e4 Na6 10. a3 Rb8 11. e5 Ne4+ 12. Ke1 f5 13. Nd4 Qa5+ 14. b4 Nxb4 0-1

[Event "33. Senioren LEM Sachsen-Anhalt 65+"]
[Site "Maritim-Hotel Magdeburg"]
[Date "2025.07.08"]
[Round "2.43"]
[White "Sauter, Arthur"]
[Black "Ketelsen, Herbert"]
[Result "1-0"]
[WhiteElo "1841"]
[BlackElo "1648"]
[PlyCount "39"]
[EventDate "2025.07.07"]
[WhiteTeam "SV Irxleben 1919"]
[BlackTeam "SK Kaltenkirchen"]

1. Nf3 d6 2. d4 e6 3. e4 Be7 4. c4 Nf6 5. Nc3 O-O 6. Be2 b6 7. O-O Bb7 8. Qc2
Nc6 9. Bf4 Nb4 10. Qd2 a5 11. a3 Nc6 12. Rad1 Nb8 13. Qc2 Nbd7 14. Bd3 Rc8 15.
e5 dxe5 16. dxe5 Ne8 17. Bxh7+ Kh8 18. Rd2 g6 19. Rfd1 c5 20. Rxd7 1-0

[Event "33. Senioren LEM Sachsen-Anhalt 65+"]
[Site "Maritim-Hotel Magdeburg"]
[Date "2025.07.08"]
[Round "2.44"]
[White "Webel, Hartmut"]
[Black "Hauke, Hans"]
[Result "1/2-1/2"]
[WhiteElo "1652"]
[BlackElo "1836"]
[PlyCount "103"]
[EventDate "2025.07.07"]
[WhiteTeam "Krostitzer SV"]
[BlackTeam "Naumburger Sportverein 1951"]

1. d4 d5 2. Bf4 Nf6 3. Nf3 Bf5 4. h3 e6 5. e3 Be7 6. Bd3 Bxd3 7. Qxd3 O-O 8.
O-O c5 9. c3 c4 10. Qc2 Nc6 11. Nbd2 b5 12. a3 Bd6 13. Bxd6 Qxd6 14. e4 dxe4
15. Nxe4 Nxe4 16. Qxe4 Qd5 17. Qe2 Rab8 18. Rfe1 a5 19. Rac1 b4 20. cxb4 Nxd4
21. Nxd4 Qxd4 22. Rxc4 Qa7 23. bxa5 Qxa5 24. Rc3 Qb6 25. b4 Qd4 26. Re3 Rfc8
27. Rd1 Qa7 28. Rdd3 Qa4 29. Kh2 Kf8 30. g3 Rc2 31. Qf3 Rbc8 32. Kg2 Qb5 33.
Rc3 Qa6 34. Rxc2 Rxc2 35. h4 Rc1 36. Qe2 Qc6+ 37. Qf3 Qb5 38. Rd3 Ke7 39. Qe3
Qb7+ 40. Qf3 Qc7 41. Rb3 Qd7 42. b5 Rc7 43. a4 Qc8 44. b6 Rb7 45. a5 Qa8 46.
Ra3 Qa6 47. Qd3 Qa8 48. Qxh7 Rxb6+ 49. Kh3 Qh1+ 50. Kg4 Rb4+ 51. f4 Qd1+ 52.
Kh3 1/2-1/2

[Event "33. Senioren LEM Sachsen-Anhalt 65+"]
[Site "Maritim-Hotel Magdeburg"]
[Date "2025.07.08"]
[Round "2.45"]
[White "Briesemeister, Klaus"]
[Black "Jaekel, Michael"]
[Result "0-1"]
[WhiteElo "1640"]
[BlackElo "1819"]
[PlyCount "32"]
[EventDate "2025.07.07"]
[WhiteTeam "SV Lingen"]
[BlackTeam "Schach-Drachen Isernhagen"]

1. d4 Nf6 2. Nc3 d5 3. Bg5 h6 4. Bh4 Nc6 5. f3 g5 6. Bf2 Bg7 7. e4 dxe4 8. fxe4
Ng4 9. d5 Nxf2 10. Kxf2 Ne5 11. Be2 O-O 12. g4 c6 13. h3 Qb6+ 14. Kf1 Qxb2 15.
Na4 Qa3 16. c3 b5 0-1

[Event "33. Senioren LEM Sachsen-Anhalt 65+"]
[Site "Maritim-Hotel Magdeburg"]
[Date "2025.07.08"]
[Round "2.46"]
[White "Brandt, Joachim"]
[Black "Schiefer, Joerg"]
[Result "1-0"]
[WhiteElo "1818"]
[BlackElo "1637"]
[PlyCount "77"]
[EventDate "2025.07.07"]
[WhiteTeam "UNION 1861 Schoenebeck"]
[BlackTeam "USC Magdeburg"]

1. e4 c5 2. d4 cxd4 3. Nf3 e5 4. Bc4 h6 5. O-O Nc6 6. c3 Qb6 7. Nbd2 Nf6 8. Bb3
Be7 9. Nc4 Qc5 10. cxd4 exd4 11. Re1 O-O 12. Bd2 Nxe4 13. Rc1 Qf5 14. Bc2 d5
15. Na5 Nxa5 16. Bxa5 b6 17. Bd2 Bd6 18. Rf1 Ba6 19. Nxd4 Bxh2+ 20. Kxh2 Qe5+
21. Kg1 Qxd4 22. Be3 Qxd1 23. Rfxd1 Rfd8 24. Bb3 Bb7 25. Rc7 Rab8 26. Bf4 g5
27. Be5 Nc5 28. Bc2 Nd7 29. Rxd7 Rxd7 30. Bxb8 a5 31. Be5 Re7 32. Bd4 Re6 33.
Bd3 Kf8 34. Rc1 Ke8 35. Rc7 Re1+ 36. Kh2 Rd1 37. Bb5+ Kd8 38. Rd7+ Kc8 39. Bxb6
1-0

[Event "33. Senioren LEM Sachsen-Anhalt 65+"]
[Site "Maritim-Hotel Magdeburg"]
[Date "2025.07.08"]
[Round "2.47"]
[White "Ludwig, Richard"]
[Black "Gismann, Juergen"]
[Result "1/2-1/2"]
[WhiteElo "1631"]
[BlackElo "1810"]
[PlyCount "33"]
[EventDate "2025.07.07"]
[WhiteTeam "SV Irxleben 1919"]
[BlackTeam "USC Magdeburg"]

1. e4 e5 2. Nf3 d6 3. Bc4 h6 4. c3 Nc6 5. Bb3 Nf6 6. d3 Be7 7. O-O O-O 8. Re1
Bg4 9. Nbd2 Qc8 10. Nf1 Be6 11. Ng3 Nd7 12. d4 Bxb3 13. axb3 exd4 14. cxd4 Bf6
15. d5 Nce5 16. Nxe5 Bxe5 17. Nf5 1/2-1/2

[Event "33. Senioren LEM Sachsen-Anhalt 65+"]
[Site "Maritim-Hotel Magdeburg"]
[Date "2025.07.08"]
[Round "2.48"]
[White "Roth, Heinz-Georg"]
[Black "Freitag, Ingo"]
[Result "1-0"]
[WhiteElo "1808"]
[BlackElo "1625"]
[PlyCount "43"]
[EventDate "2025.07.07"]
[WhiteTeam "SC Lindau"]
[BlackTeam "VfL Kalbe/Milde"]

1. e4 e5 2. Nf3 d6 3. Bc4 Be7 4. d4 exd4 5. Nxd4 Nf6 6. Nc3 Nbd7 7. O-O O-O 8.
Re1 Ne5 9. Bb3 Re8 10. Bf4 Bf8 11. h3 g6 12. Qd2 Bg7 13. Bg5 Qd7 14. Rad1 a6
15. a4 Nc6 16. Nf3 b6 17. g4 Bb7 18. Qf4 Qd8 19. e5 h6 20. Bxf6 Bxf6 21. Qxf6
Qd7 22. Qxg6+ 1-0

[Event "33. Senioren LEM Sachsen-Anhalt 65+"]
[Site "Maritim-Hotel Magdeburg"]
[Date "2025.07.08"]
[Round "2.49"]
[White "Geyler, Stefan"]
[Black "Gieseke, Karl-Heinz"]
[Result "1-0"]
[WhiteElo "1802"]
[BlackElo "1594"]
[PlyCount "53"]
[EventDate "2025.07.07"]
[WhiteTeam "BSG 1827 Eckbauer"]
[BlackTeam "SG Schoeningen JFZ-I"]

1. e4 d6 2. d4 g6 3. Bc4 Bg7 4. Nf3 Nf6 5. Qe2 O-O 6. Nc3 h6 7. h3 Nbd7 8. e5
dxe5 9. dxe5 Nb6 10. exf6 Bxf6 11. Bb3 h5 12. Bh6 Re8 13. Rd1 Bd7 14. Ne5 e6
15. g4 Bh4 16. gxh5 Qf6 17. Nxd7 Nxd7 18. hxg6 fxg6 19. Rxd7 Re7 20. Rxe7 Bxf2+
21. Qxf2 Qxe7 22. O-O Kh7 23. Be3 Rg8 24. Qf7+ Qxf7 25. Rxf7+ Rg7 26. Rxg7+
Kxg7 27. Bxe6 1-0

[Event "33. Senioren LEM Sachsen-Anhalt 65+"]
[Site "Maritim-Hotel Magdeburg"]
[Date "2025.07.08"]
[Round "2.50"]
[White "Scholder, Helmut"]
[Black "Moews, Harald"]
[Result "0-1"]
[WhiteElo "1614"]
[BlackElo "1800"]
[PlyCount "82"]
[EventDate "2025.07.07"]
[WhiteTeam "Schachklub Minden 08"]
[BlackTeam "Ahrensburger TSV"]

1. e4 d5 2. exd5 Qxd5 3. Nc3 Qd8 4. Bc4 c6 5. a4 Bf5 6. Nf3 h6 7. d4 e6 8. O-O
Nf6 9. Re1 Be7 10. h3 O-O 11. Bf4 Nbd7 12. Nh4 Bh7 13. Bg3 a6 14. a5 Nd5 15.
Re2 Bxh4 16. Bd6 Be7 17. Bxe7 Nxe7 18. Ne4 Bxe4 19. Rxe4 Nf6 20. Re1 Qc7 21. c3
Rad8 22. b4 Qf4 23. Bd3 Ned5 24. Qc2 Nd7 25. Re4 Qg5 26. Rg4 Qh5 27. Qd1 N7f6
28. Be2 Nxg4 29. Bxg4 Qg5 30. Qf3 Nf6 31. Re1 Nxg4 32. hxg4 Rd5 33. Qg3 h5 34.
f4 Qxg4 35. Qxg4 hxg4 36. Kh2 Re8 37. Kg3 f5 38. Rd1 Red8 39. Kh4 Kf7 40. Kg5
Rh8 41. c4 g6 0-1

[Event "33. Senioren LEM Sachsen-Anhalt 65+"]
[Site "Maritim-Hotel Magdeburg"]
[Date "2025.07.08"]
[Round "2.51"]
[White "Schmechtig, Hans-Christian"]
[Black "Rosenkranz, Richard"]
[Result "1-0"]
[WhiteElo "1794"]
[BlackElo "1592"]
[PlyCount "91"]
[EventDate "2025.07.07"]
[WhiteTeam "SV Kali Wolmirstedt"]
[BlackTeam "Haldensleber Sportclub"]

1. e4 e5 2. Bc4 Nf6 3. Nf3 Nc6 4. Ng5 Qe7 5. Bxf7+ Kd8 6. Bb3 h6 7. Nf7+ Ke8 8.
Nxh8 d6 9. Ng6 Qd8 10. d3 Nd4 11. c3 Nxb3 12. axb3 Bg4 13. f3 Bh5 14. Nxf8 Kxf8
15. Be3 d5 16. exd5 Nxd5 17. Qd2 b6 18. O-O Kg8 19. c4 Nf6 20. Nc3 c5 21. Rad1
Bg6 22. Ne4 Nxe4 23. dxe4 Qf8 24. Qd7 Bf7 25. Qg4 g6 26. Rd2 h5 27. Qg5 Kh7 28.
Qxe5 Re8 29. Qg5 a6 30. Rfd1 Qg7 31. Rd7 Re5 32. Qh6+ Qxh6 33. Bxh6 Kxh6 34.
Rxf7 Re6 35. h4 g5 36. hxg5+ Kxg5 37. Rd5+ Kg6 38. Rfd7 h4 39. R7d6 Rxd6 40.
Rxd6+ Kf7 41. Rxb6 a5 42. Kh2 Ke7 43. Kh3 Kd7 44. Kxh4 Kc7 45. Rf6 a4 46. bxa4
1-0

[Event "33. Senioren LEM Sachsen-Anhalt 65+"]
[Site "Maritim-Hotel Magdeburg"]
[Date "2025.07.08"]
[Round "2.52"]
[White "Hensch, Frank"]
[Black "Fleischer, Martin"]
[Result "0-1"]
[WhiteElo "1592"]
[BlackElo "1782"]
[PlyCount "54"]
[EventDate "2025.07.07"]
[WhiteTeam "Postsportverein Magdeburg v 1926"]
[BlackTeam "SV Einheit Schwerin"]

1. c4 e6 2. a3 b6 3. d3 Bb7 4. e4 d6 5. b4 Nd7 6. Bb2 Ngf6 7. h3 e5 8. Nc3 c6
9. Be2 Be7 10. Bf3 O-O 11. Nge2 a6 12. Ng3 Re8 13. Nf5 Bf8 14. Qd2 a5 15. Qg5
Kh8 16. b5 Nc5 17. Be2 Ne6 18. Qc1 g6 19. Nh6 Qe7 20. g3 Nd4 21. Rb1 Bg7 22.
Ng4 Nd7 23. a4 h5 24. Ne3 Bh6 25. Ncd1 Kh7 26. Bc3 f5 27. Qb2 c5 {nicht weiter
nachvollziehbar} 0-1

[Event "33. Senioren LEM Sachsen-Anhalt 65+"]
[Site "Maritim-Hotel Magdeburg"]
[Date "2025.07.08"]
[Round "2.53"]
[White "Neubauer, Uwe"]
[Black "Suliga, Eckhard"]
[Result "0-1"]
[WhiteElo "1782"]
[BlackElo "1585"]
[PlyCount "134"]
[EventDate "2025.07.07"]
[WhiteTeam "SK Anderten"]
[BlackTeam "SC Turm Lueneburg"]

1. Nf3 Nf6 2. c4 e6 3. Nc3 Bb4 4. g3 b6 5. Bg2 Bb7 6. O-O O-O 7. d3 d5 8. cxd5
exd5 9. a3 Bxc3 10. bxc3 Nbd7 11. Bf4 Re8 12. Rc1 Rc8 13. Ne1 Qe7 14. Rc2 Qxa3
15. Bc1 Qe7 16. e3 c5 17. Ba3 Qe6 18. Nf3 Bc6 19. Rc1 a5 20. Re1 Qf5 21. Nh4
Qe6 22. Nf3 Qf5 23. Nh4 Qe6 24. Nf3 b5 25. d4 b4 26. Bb2 c4 27. cxb4 axb4 28.
Qc2 Ra8 29. Ng5 Qg4 30. Nf3 Qe4 31. Qe2 Ra2 32. Nd2 Qe7 33. Nxc4 dxc4 34. Qxc4
Rxb2 35. Bxc6 b3 36. Rb1 Rxb1 37. Rxb1 Rb8 38. Rxb3 Rxb3 39. Qxb3 Qd6 40. Qc2
h6 41. f3 Qc7 42. Qa4 Nb6 43. Qb5 Nfd7 44. e4 Nb8 45. d5 Nxc6 46. dxc6 Nc8 47.
Qb7 Qd8 48. Qd7 Qb6+ 49. Kg2 Qa6 50. Qb7 Qa2+ 51. Kg1 Qe6 52. Qd7 Kh7 53. e5
Kg6 54. g4 Ne7 55. Qd3+ Kg5 56. Qd2+ Kg6 57. Qc2+ f5 58. exf6+ Kxf6 59. c7 Nc8
60. Kg2 Ke7 61. Qc3 Qf6 62. Qd3 Qd6 63. Qc3 Kf8 64. h4 Qd7 65. Kg3 Nd6 66. Qc5
Ke8 67. f4 Ne4+ 0-1

[Event "33. Senioren LEM Sachsen-Anhalt 65+"]
[Site "Maritim-Hotel Magdeburg"]
[Date "2025.07.08"]
[Round "2.54"]
[White "Gaul, Karl-Heinz"]
[Black "Weigelt, Joachim"]
[Result "0-1"]
[WhiteElo "1588"]
[BlackElo "1782"]
[PlyCount "84"]
[EventDate "2025.07.07"]
[WhiteTeam "SC Schwarz-Weiss Lichtenrade"]
[BlackTeam "VfB 07 Lettin"]

1. Nf3 Nf6 2. d4 g6 3. Nc3 Bg7 4. e4 d6 5. Bf4 O-O 6. Bc4 Nbd7 7. Ng5 Nb6 8.
Bb3 Bg4 9. f3 Bd7 10. e5 Nh5 11. Be3 h6 12. Nxf7 Rxf7 13. e6 Rf8 14. exd7+ Kh7
15. Be6 Rf6 16. d5 Nxd7 17. Ne4 Rf8 18. Qd2 Nhf6 19. Ng3 Ng8 20. O-O-O Ne5 21.
b3 c5 22. f4 Nd7 23. h4 h5 24. Qd3 Ndf6 25. c4 Qa5 26. Rd2 Qa3+ 27. Kd1 Nh6 28.
f5 Nhg4 29. fxg6+ Kh8 30. Nf5 Ne5 31. Qc2 Nfg4 32. Re1 Nxe3+ 33. Rxe3 Rf6 34.
Nxg7 Kxg7 35. Rxe5 dxe5 36. Bf7 Rf1+ 37. Ke2 Rf6 38. Qe4 Qc1 39. Qxe5 Qf1+ 40.
Ke3 Qe1+ 41. Re2 Qxh4 42. Qxe7 Qd4# 0-1

[Event "33. Senioren LEM Sachsen-Anhalt 65+"]
[Site "Maritim-Hotel Magdeburg"]
[Date "2025.07.08"]
[Round "2.55"]
[White "Rudolph, Karl-Heinz"]
[Black "Konig, Jon"]
[Result "1/2-1/2"]
[WhiteElo "1779"]
[BlackElo "1505"]
[PlyCount "65"]
[EventDate "2025.07.07"]
[WhiteTeam "SV Irxleben 1919"]

1. e4 d5 2. exd5 Qxd5 3. Nc3 Qa5 4. d4 c6 5. h3 Bf5 6. Nf3 Nf6 7. Bd2 Qc7 8.
Nh4 Bg6 9. Nxg6 hxg6 10. Qf3 e6 11. O-O-O Bd6 12. Kb1 Nbd7 13. a3 O-O-O 14. g4
Rhf8 15. Bg5 Rde8 16. Bg2 Nd5 17. Ne4 f6 18. Nxd6+ Qxd6 19. Bd2 N7b6 20. c4
Nxc4 21. Qb3 Nxd2+ 22. Rxd2 Rf7 23. Rc1 Rc7 24. Qc2 f5 25. Re1 Nf4 26. Bf1 Rd8
27. Red1 Re8 28. Qc3 Nd5 29. Qa5 Kb8 30. Qa4 Nb6 31. Qb3 Qd5 32. Qg3 Rd8 33.
Qf4 1/2-1/2

[Event "33. Senioren LEM Sachsen-Anhalt 65+"]
[Site "Maritim-Hotel Magdeburg"]
[Date "2025.07.08"]
[Round "2.56"]
[White "Geibel, Henning"]
[Black "Klimpel, Siegfried"]
[Result "1/2-1/2"]
[WhiteElo "1571"]
[BlackElo "1764"]
[PlyCount "55"]
[EventDate "2025.07.07"]
[WhiteTeam "Ahrensburger TSV"]
[BlackTeam "TSV Kareth-Lappersdorf"]

1. e4 d5 2. e5 Bf5 3. d4 c5 4. c4 e6 5. cxd5 Qxd5 6. Nf3 Nc6 7. Nc3 Qd7 8. d5
Nb4 9. dxe6 Qxd1+ 10. Kxd1 Nc2 11. exf7+ Kxf7 12. Rb1 Ne3+ 13. Bxe3 Bxb1 14.
Nxb1 g6 15. Bc4+ Kg7 16. Ng5 h6 17. Ne6+ Kh7 18. Bxc5 Bxc5 19. Nxc5 Rc8 20. b4
b6 21. Bxg8+ Rhxg8 22. Ne4 Rgd8+ 23. Nbd2 Rc4 24. Re1 Rxb4 25. Ke2 Rb2 26. a3
Ra2 27. Rc1 Rxa3 28. Rc7+ 1/2-1/2